000 00278nam a22001097a 4500
008 160621b xxu||||| |||| 00| 0 eng d
100 _9271
_aBarclay, S,
245 _aMachine at Work
260 _aLon
_bWorld Book International
_c1990
300 _aMachine at Work
942 _2ddc
_cBK
999 _c217
_d217